[Event "ISR-chT (Women)"]
[Site "Ramat Gan"]
[Date "2023.07.08"]
[Round "5.3"]
[White "Haitovich, Avital"]
[Black "Qasem, Huda"]
[Result "0-1"]
[WhiteElo "1855"]
[BlackElo "1905"]
[PlyCount "50"]
[EventDate "2023.07.06"]
[EventType "team-swiss"]
[EventRounds "5"]
[EventCountry "ISR"]
[SourceTitle "CBM 215 Extra"]
[Source "ChessBase"]
[SourceDate "2023.09.30"]
[SourceVersion "1"]
[SourceVersionDate "2023.09.30"]
[SourceQuality "1"]
[WhiteTeam "Herzliya (W)"]
[BlackTeam "Kfar Saba Hapoel (W)"]
[WhiteTeamCountry "ISR"]
[BlackTeamCountry "ISR"]

1. e4 c5 2. Nf3 Nc6 3. Bb5 e6 4. Bxc6 bxc6 5. b3 Ne7 6. 0-0 Ng6 7. Bb2 d6 8. Re1 e5 9. h3 Nf4 10. d3 Be7 11. Nbd2 Bf6 12. Nc4 0-0 13. Rb1 Re8 14. Qd2 Qd7 15. Nh2 Bg5 16. Ne3 Re6 17. Qd1 Rg6 18. Qf3 Nxh3+ 19. Qxh3 Qxh3 20. gxh3 Bxe3+ 21. Ng4 Bf4 22. Kf1 h5 23. Ne3 Bxh3+ 24. Ke2 Bxe3 25. Kxe3 Bg2 0-1

[Event "ISR-ch op"]
[Site "Safed"]
[Date "2021.12.13"]
[Round "6"]
[White "Ribshtein, Nati"]
[Black "Haitovich, Avital"]
[Result "1-0"]
[WhiteElo "2291"]
[BlackElo "1914"]
[PlyCount "79"]
[EventDate "2021.12.08"]
[EventType "swiss"]
[EventRounds "9"]
[EventCountry "ISR"]
[SourceTitle "CBM 205 Extra"]
[Source "ChessBase"]
[SourceDate "2022.01.31"]
[SourceVersion "1"]
[SourceVersionDate "2022.01.31"]
[SourceQuality "1"]

1. e4 c5 2. Nf3 d6 3. Bc4 e6 4. d4 cxd4 5. Nxd4 Nf6 6. Nc3 Be7 7. 0-0 0-0 8. Bb3 Nbd7 9. f4 Nc5 10. Qf3 Nxb3 11. axb3 d5 12. e5 Nd7 13. Be3 Bc5 14. Kh1 Qe7 15. Na4 f6 16. Nxe6 Qxe6 17. Nxc5 Qc6 18. Nxd7 Bxd7 19. exf6 Rxf6 20. Bd4 Rf7 21. c3 a6 22. Rae1 Bf5 23. Re5 Rd8 24. Qg3 Qh6 25. Rfe1 Qg6 26. Qh4 Rfd7 27. R1e3 Qg4 28. Qxg4 Bxg4 29. Rg5 Bd1 30. Reg3 g6 31. f5 Bc2 32. h4 Kf7 33. fxg6+ Bxg6 34. Rf3+ Ke8 35. Re5+ Re7 36. Rxe7+ Kxe7 37. Bf6+ Kd7 38. Bxd8 Kxd8 39. Kh2 Kd7 40. Kg3 1-0

[Event "ISR-ch (Women)"]
[Site "Jerusalem"]
[Date "2021.03.10"]
[Round "4"]
[White "Haitovich, Avital"]
[Black "Levitan, Ronit"]
[Result "1-0"]
[WhiteElo "1981"]
[BlackElo "2048"]
[PlyCount "83"]
[EventDate "2021.03.07"]
[EventType "swiss"]
[EventRounds "9"]
[EventCountry "ISR"]
[SourceTitle "CBM 201 Extra"]
[Source "ChessBase"]
[SourceDate "2021.05.31"]
[SourceVersion "1"]
[SourceVersionDate "2021.05.31"]
[SourceQuality "1"]

1. e4 e5 2. Nf3 Nc6 3. Bb5 a6 4. Ba4 Nf6 5. d4 exd4 6. 0-0 Be7 7. Re1 b5 8. Bb3 d6 9. Bd5 Nxd5 10. exd5 Ne5 11. Nxd4 0-0 12. a4 Bg4 13. Qd2 Bd7 14. Nc3 b4 15. Nce2 Qb8 16. b3 Qb7 17. c4 bxc3 18. Nxc3 Ng6 19. Bb2 Bf6 20. Rac1 Rfe8 21. Ne4 Be5 22. g3 Qxd5 23. Rxc7 Bh3 24. Rc4 f5 25. f4 Bxd4+ 26. Rxd4 Qb7 27. Rb4 Qa7+ 28. Bd4 Qd7 29. Nf2 Rxe1+ 30. Qxe1 Re8 31. Qd2 Bg4 32. Nxg4 fxg4 33. Rb6 Qf5 34. Qd1 Qd5 35. Qd2 Qf3 36. Bf2 Re2 37. Qd4 Rc2 38. Rb8+ Nf8 39. Rxf8+ Kxf8 40. Qxd6+ Kf7 41. Qd7+ Kf8 42. Qf5+ 1-0

[Event "ISR-ch (Women)"]
[Site "Jerusalem"]
[Date "2021.03.09"]
[Round "3"]
[White "Haitovich, Avital"]
[Black "Kochavi, Dana"]
[Result "0-1"]
[WhiteElo "1981"]
[BlackElo "1572"]
[PlyCount "52"]
[EventDate "2021.03.07"]
[EventType "swiss"]
[EventRounds "9"]
[EventCountry "ISR"]
[SourceTitle "CBM 201 Extra"]
[Source "ChessBase"]
[SourceDate "2021.05.31"]
[SourceVersion "1"]
[SourceVersionDate "2021.05.31"]
[SourceQuality "1"]

1. e4 c6 2. d4 d5 3. f3 Qb6 4. Nc3 dxe4 5. fxe4 e5 6. Nf3 exd4 7. Nxd4 Nf6 8. e5 Ng4 9. e6 Bxe6 10. Bc4 Bxc4 11. Qxg4 Na6 12. Qe4+ Kd7 13. Qf5+ Be6 14. Nxe6 Re8 15. Bf4 Rxe6+ 16. Ne2 Ke8 17. 0-0-0 g6 18. Qd3 Nc5 19. Qd4 f6 20. b4 Kf7 21. bxc5 Bxc5 22. Qc4 Ba3+ 23. Kd2 Qf2 24. Rde1 Rd8+ 25. Kc3 b5 26. Ref1 Qb6 0-1

[Event "ISR-ch (Women)"]
[Site "Jerusalem"]
[Date "2021.03.08"]
[Round "2"]
[White "Aleksandrova, Aleksandra"]
[Black "Haitovich, Avital"]
[Result "1/2-1/2"]
[WhiteElo "1769"]
[BlackElo "1981"]
[PlyCount "156"]
[EventDate "2021.03.07"]
[EventType "swiss"]
[EventRounds "9"]
[EventCountry "ISR"]
[SourceTitle "CBM 201 Extra"]
[Source "ChessBase"]
[SourceDate "2021.05.31"]
[SourceVersion "1"]
[SourceVersionDate "2021.05.31"]
[SourceQuality "1"]

1. d4 d5 2. e3 Nf6 3. Bd3 e6 4. Nd2 c5 5. c3 Nc6 6. f4 Bd6 7. Qf3 Qc7 8. Ne2 cxd4 9. exd4 Bd7 10. h3 h6 11. g4 0-0-0 12. b4 Ne7 13. a4 Ne4 14. Bxe4 dxe4 15. Nxe4 Bc6 16. b5 Bd5 17. Rg1 Bxe4 18. Qxe4 Nd5 19. Bd2 Qc4 20. Rg3 Kb8 21. Qd3 Qxd3 22. Rxd3 Rc8 23. Rf3 Rhe8 24. Ng3 f6 25. Kd1 Rc4 26. Kc2 Rec8 27. Kb3 R4c7 28. Re1 Bxf4 29. Rxf4 Nxf4 30. Bxf4 e5 31. dxe5 Rxc3+ 32. Kb2 g5 33. Rc1 Rxc1 34. Bxc1 fxe5 35. Be3 b6 36. Nf5 Rh8 37. Kc3 Kc7 38. Kc4 h5 39. Kd5 hxg4 40. hxg4 Rh1 41. a5 Rb1 42. axb6+ axb6 43. Kc4 Ra1 44. Nh6 Re1 45. Bxg5 Re4+ 46. Kc3 Kd6 47. Nf5+ Ke6 48. Ne3 Kd7 49. Bh6 Ke6 50. Kb3 Kf7 51. Nc4 Kg6 52. Bd2 Kf6 53. g5+ Kg6 54. Nxb6 Rd4 55. Nc4 Rd5 56. Kb4 e4 57. b6 Rd8 58. Be3 Kf5 59. Kc5 Rc8+ 60. Kd5 Rd8+ 61. Nd6+ Kg4 62. Kc6 Kf3 63. Kc7 Rg8 64. Nc4 Rg7+ 65. Kc8 Rg8+ 66. Kb7 Rg7+ 67. Ka8 Rg8+ 68. Ka7 Rg7+ 69. b7 Rc7 70. Nb6 Rg7 71. Ka8 Rxb7 72. Kxb7 Kxe3 73. Nd5+ Kd4 74. Kc6 Ke5 75. Ne3 Ke6 76. Kc5 Kf7 77. Kd5 Kg6 78. Kxe4 Kxg5 1/2-1/2

[Event "ISR-ch (Women)"]
[Site "Maalot Tarshiha"]
[Date "2018.12.20"]
[Round "9"]
[White "Haitovich, Avital"]
[Black "Efroimski, Marsel"]
[Result "0-1"]
[WhiteElo "1979"]
[BlackElo "2301"]
[PlyCount "110"]
[EventDate "2018.12.12"]
[EventType "swiss"]
[EventRounds "9"]
[EventCountry "ISR"]
[SourceTitle "CBM 187 Extra"]
[Source "ChessBase"]
[SourceDate "2018.11.04"]
[SourceVersion "1"]
[SourceVersionDate "2018.11.04"]
[SourceQuality "1"]

1. Nf3 d5 2. g3 g6 3. Bg2 Bg7 4. 0-0 e5 5. d3 Ne7 6. e4 0-0 7. Nbd2 Nbc6 8. Re1 d4 9. a4 h6 10. Nc4 Be6 11. b3 a6 12. Bd2 Qd7 13. Qc1 Kh7 14. Qa3 b6 15. b4 b5 16. axb5 axb5 17. Na5 Ra6 18. Reb1 Bg4 19. Qb3 Rfa8 20. Qb2 Nxa5 21. Rxa5 Rxa5 22. bxa5 c6 23. Qb4 Nc8 24. Qc5 Qd6 25. Qb4 Bd7 26. Qb3 Kg8 27. Be1 c5 28. Ra1 Ra6 29. Nd2 Na7 30. Qd5 Qxd5 31. exd5 f5 32. Nb3 Bf8 33. Bd2 c4 34. dxc4 bxc4 35. Nc1 c3 36. Be1 Bb5 37. Bf1 Bxf1 38. Kxf1 Rd6 39. f4 e4 40. Ra4 Rxd5 41. Nb3 Bg7 42. Rc4 d3 43. Bxc3 Bxc3 44. Rxc3 d2 45. Nxd2 Rxd2 46. Rc7 Nb5 47. Rc8+ Kf7 48. Rb8 Nc7 49. c4 Ke7 50. Rb7 Kd7 51. a6 Kc6 52. Rb8 Nxa6 53. Rh8 h5 54. Rc8+ Kb6 55. Rg8 Rd6 0-1

[Event "ISR-ch (Women)"]
[Site "Maalot Tarshiha"]
[Date "2018.12.18"]
[Round "7"]
[White "Levitan, Ronit"]
[Black "Haitovich, Avital"]
[Result "1/2-1/2"]
[WhiteElo "1875"]
[BlackElo "1979"]
[PlyCount "90"]
[EventDate "2018.12.12"]
[EventType "swiss"]
[EventRounds "9"]
[EventCountry "ISR"]
[SourceTitle "CBM 187 Extra"]
[Source "ChessBase"]
[SourceDate "2018.11.04"]
[SourceVersion "1"]
[SourceVersionDate "2018.11.04"]
[SourceQuality "1"]

1. e4 c5 2. c3 d6 3. d4 Qc7 4. Nf3 g6 5. Bd3 Bg7 6. d5 Nf6 7. 0-0 0-0 8. Re1 Nbd7 9. Nbd2 Rb8 10. a4 b6 11. Nf1 Bb7 12. Bc2 Rfe8 13. Bf4 Nh5 14. Be3 e6 15. dxe6 fxe6 16. Ng3 Nxg3 17. hxg3 Nf6 18. Bf4 e5 19. Bg5 h6 20. Bxf6 Bxf6 21. Qd2 Kg7 22. g4 Qe7 23. Nh2 Bg5 24. Qd3 Rbd8 25. Rad1 Qf7 26. c4 Rf8 27. Qe2 Bc8 28. b3 Qe7 29. g3 Rf6 30. Bd3 Rdf8 31. Kg2 Qf7 32. Rf1 Qe6 33. f3 Rh8 34. Rh1 h5 35. Bc2 h4 36. Nf1 Qf7 37. gxh4 Rxh4 38. Rxh4 Bxh4 39. Ne3 Re6 40. Rh1 Bg5 41. Nd5 Re8 42. Qe1 Rf8 43. Qg3 Be6 44. Qh3 Bxd5 45. exd5 Qg8 1/2-1/2

[Event "ISR-ch (Women)"]
[Site "Tiberias"]
[Date "2016.12.13"]
[Round "9"]
[White "Haitovich, Avital"]
[Black "Dotan, Valeria"]
[Result "1-0"]
[WhiteElo "1979"]
[BlackElo "1928"]
[PlyCount "141"]
[EventDate "2016.12.05"]
[EventType "swiss"]
[EventRounds "9"]
[EventCountry "ISR"]
[SourceTitle "CBM 176 Extra"]
[Source "ChessBase"]
[SourceDate "2017.03.02"]
[SourceVersion "1"]
[SourceVersionDate "2017.03.02"]
[SourceQuality "1"]

1. e4 c5 2. Nf3 e6 3. c3 d5 4. exd5 Qxd5 5. d4 Nc6 6. Na3 a6 7. Nc2 cxd4 8. Ncxd4 Nxd4 9. Qxd4 Nf6 10. Bc4 Qxd4 11. Nxd4 Be7 12. a4 0-0 13. 0-0 Bd7 14. Bf4 Rac8 15. Be2 Nd5 16. Bg3 Bf6 17. Nf3 Bc6 18. Be5 Rfd8 19. Bxf6 gxf6 20. g3 e5 21. Nh4 Ne7 22. Bg4 Bd7 23. Bxd7 Rxd7 24. Rfd1 Rcd8 25. Rxd7 Rxd7 26. Ra3 Nc8 27. Rb3 Nd6 28. Rb6 Kf8 29. b3 Ke7 30. c4 Rc7 31. Kg2 Kd7 32. Kf3 Rc6 33. Rxc6 Kxc6 34. Ke3 Kc5 35. Nf3 Kb4 36. Nd2 b5 37. axb5 axb5 38. cxb5 Kxb5 39. Ne4 Ne8 40. Kd3 Kb4 41. Kc2 h6 42. g4 f5 43. gxf5 f6 44. h3 h5 45. h4 Ng7 46. Ng3 e4 47. Nxe4 Nxf5 48. Nxf6 Nxh4 49. Nd5+ Kc5 50. Nf4 Nf3 51. Nxh5 Nd4+ 52. Kc3 Ne2+ 53. Kd3 Nc1+ 54. Kc2 Ne2 55. Ng3 Nd4+ 56. Kc3 Nb5+ 57. Kd3 Kb4 58. f4 Kxb3 59. f5 Kb4 60. Ne4 Na7 61. f6 Nc6 62. Ke3 Nd8 63. Kd4 Kb5 64. Kd5 Kb6 65. Kd6 Nf7+ 66. Ke7 Ne5 67. Nd2 Kc7 68. Ke6 Nc6 69. Nc4 Nd4+ 70. Kd5 Nb5 71. f7 1-0

[Event "ISR-ch (Women)"]
[Site "Tiberias"]
[Date "2016.12.06"]
[Round "2"]
[White "Levitan, Ronit"]
[Black "Haitovich, Avital"]
[Result "0-1"]
[WhiteElo "1712"]
[BlackElo "1979"]
[PlyCount "88"]
[EventDate "2016.12.05"]
[EventType "swiss"]
[EventRounds "9"]
[EventCountry "ISR"]
[SourceTitle "CBM 176 Extra"]
[Source "ChessBase"]
[SourceDate "2017.03.02"]
[SourceVersion "1"]
[SourceVersionDate "2017.03.02"]
[SourceQuality "1"]

1. e4 c5 2. c3 Nf6 3. e5 Nd5 4. d4 cxd4 5. cxd4 g6 6. Nf3 Bg7 7. Bc4 Nb6 8. Bb3 0-0 9. h4 d5 10. h5 Nc6 11. Ng5 h6 12. Nh3 Qd7 13. hxg6 fxg6 14. Nf4 g5 15. Nh5 Qg4 16. Qxg4 Bxg4 17. Nxg7 Kxg7 18. f3 Bf5 19. Be3 Nb4 20. Nc3 Nd3+ 21. Ke2 e6 22. g4 Bg6 23. Na4 Nxa4 24. Bxa4 Rf7 25. Bc2 Nxb2 26. Bxg6 Kxg6 27. Rab1 Nc4 28. Rh3 Nxe3 29. Kxe3 Rc8 30. Kd3 Rcf8 31. Ke3 Rc8 32. Kd3 Rfc7 33. Rb2 b6 34. Rbh2 Rc3+ 35. Kd2 Rc2+ 36. Ke1 Rc1+ 37. Kd2 R8c2+ 38. Kd3 Rc3+ 39. Kd2 R1c2+ 40. Kd1 Rxh2 41. Rxh2 Rxf3 42. Rc2 Rd3+ 43. Kc1 Rxd4 44. Rg2 Re4 0-1

[Event "EU-Cup (Women) 20th"]
[Site "Skopje"]
[Date "2015.10.23"]
[Round "6.3"]
[White "Haitovich, Avital"]
[Black "Bogdan, Ekaterina"]
[Result "1-0"]
[WhiteElo "1929"]
[BlackElo "2064"]
[PlyCount "89"]
[EventDate "2015.10.18"]
[EventType "team-swiss"]
[EventRounds "7"]
[EventCountry "MKD"]
[SourceTitle "CBM 168 Extra"]
[Source "ChessBase"]
[SourceDate "2015.10.29"]
[SourceVersion "1"]
[SourceVersionDate "2015.10.29"]
[SourceQuality "1"]
[WhiteTeam "Herzliya (W)"]
[BlackTeam "Bossa Nova (W)"]
[WhiteTeamCountry "ISR"]
[BlackTeamCountry "BLR"]

1. e4 e6 2. d4 d5 3. Nc3 Bb4 4. e5 c5 5. a3 Bxc3+ 6. bxc3 Qc7 7. Qg4 Ne7 8. Qxg7 Rg8 9. Qxh7 cxd4 10. Ne2 Nbc6 11. f4 Bd7 12. Qd3 dxc3 13. Rb1 0-0-0 14. Nxc3 a6 15. Qxa6 Nb8 16. Qd3 Nf5 17. Bd2 Qc5 18. Nb5 d4 19. Qc4 Na6 20. Ba5 Qxc4 21. Bxc4 Rxg2 22. Na7+ Kb8 23. Bxd8 Kxa7 24. Bb6+ Ka8 25. Bd3 Bc6 26. Bxf5 exf5 27. Bxd4 Bf3 28. Rg1 Re2+ 29. Kf1 Kb8 30. Rg3 Bh5 31. Rh3 Bg4 32. Rh8+ Kc7 33. h3 Bf3 34. Rb3 Rd2 35. Rxf3 Rxd4 36. Rh7 Nc5 37. Rxf7+ Kc6 38. Rxf5 Ne4 39. Re3 Kd7 40. Rf7+ Ke6 41. Rxb7 Kf5 42. Rb4 Nd2+ 43. Ke2 Rd5 44. Rd3 Ne4 45. Rxe4 1-0

[Event "ISR-chT 1415 (Women)"]
[Site "Beersheba"]
[Date "2015.06.13"]
[Round "4.3"]
[White "Munte, Noa"]
[Black "Haitovich, Avital"]
[Result "0-1"]
[WhiteElo "1193"]
[BlackElo "1924"]
[PlyCount "44"]
[EventDate "2015.06.11"]
[EventType "team-tourn"]
[EventRounds "5"]
[EventCountry "ISR"]
[SourceTitle "EXT 2016"]
[Source "ChessBase"]
[SourceDate "2015.10.08"]
[SourceVersion "1"]
[SourceVersionDate "2015.10.08"]
[SourceQuality "1"]
[WhiteTeam "Ramat Gan (W)"]
[BlackTeam "Herzliya (W)"]
[WhiteTeamCountry "ISR"]
[BlackTeamCountry "ISR"]

1. d4 d5 2. c4 dxc4 3. e4 Nf6 4. Nc3 e5 5. Bxc4 exd4 6. Nd5 c6 7. Nxf6+ Qxf6 8. h3 Bc5 9. Nf3 h6 10. 0-0 0-0 11. e5 Qd8 12. Qb3 b5 13. Bd3 Be6 14. Qc2 Bb6 15. a4 bxa4 16. Rxa4 c5 17. Rd1 Nc6 18. Bd2 a5 19. Bc4 Bd5 20. Re1 Nb4 21. Qb3 Bxc4 22. Qxc4 Qd7 0-1

[Event "ISR-chT 1415 (Women)"]
[Site "Beersheba"]
[Date "2015.06.12"]
[Round "2.3"]
[White "Dotan, Valeria"]
[Black "Haitovich, Avital"]
[Result "0-1"]
[WhiteElo "1958"]
[BlackElo "1924"]
[PlyCount "104"]
[EventDate "2015.06.11"]
[EventType "team-tourn"]
[EventRounds "5"]
[EventCountry "ISR"]
[SourceTitle "EXT 2016"]
[Source "ChessBase"]
[SourceDate "2015.10.08"]
[SourceVersion "1"]
[SourceVersionDate "2015.10.08"]
[SourceQuality "1"]
[WhiteTeam "Ashdod (W)"]
[BlackTeam "Herzliya (W)"]
[WhiteTeamCountry "ISR"]
[BlackTeamCountry "ISR"]

1. d4 d5 2. c4 dxc4 3. e3 Nf6 4. Bxc4 e6 5. Nf3 c5 6. 0-0 a6 7. a4 Nc6 8. Qe2 Be7 9. Rd1 Qc7 10. Nc3 0-0 11. h3 b6 12. dxc5 Bxc5 13. e4 Nd7 14. Be3 Nce5 15. Nxe5 Nxe5 16. Bb3 Bb7 17. Rac1 Rad8 18. f3 Rxd1+ 19. Rxd1 Rd8 20. Rxd8+ Qxd8 21. Bxc5 bxc5 22. Qd1 Qd4+ 23. Qxd4 cxd4 24. Ne2 Nc6 25. Nf4 Nb4 26. Bc4 e5 27. Nd3 Nxd3 28. Bxd3 a5 29. Bb5 Kf8 30. Kf2 Ke7 31. Ke2 Kd6 32. Kd3 Kc5 33. Bc4 f6 34. b3 Bc8 35. h4 h6 36. g4 g6 37. Kc2 Bd7 38. Kd3 Be8 39. Ke2 Bd7 40. Kd3 Be8 41. Be6 Kd6 42. Bc4 Kc5 43. Be6 Bc6 44. Bf7 g5 45. hxg5 fxg5 46. Be6 Bb7 47. Bc4 Bc6 48. Be6 Be8 49. Kc2 h5 50. gxh5 Bxh5 51. f4 exf4 52. Kd2 Bf3 0-1

[Event "EU-Cup (Women) 19th"]
[Site "Bilbao"]
[Date "2014.09.19"]
[Round "6.1"]
[White "Haitovich, Avital"]
[Black "Kovalevskaya, Ekaterina"]
[Result "0-1"]
[WhiteElo "1891"]
[BlackElo "2431"]
[PlyCount "73"]
[EventDate "2014.09.14"]
[EventType "team-swiss"]
[EventRounds "7"]
[EventCountry "ESP"]
[SourceTitle "CBM 162 Extra"]
[Source "ChessBase"]
[SourceDate "2014.10.17"]
[SourceVersion "1"]
[SourceVersionDate "2014.10.17"]
[SourceQuality "1"]
[WhiteTeam "Herzliya (W)"]
[BlackTeam "SHSM (W)"]
[WhiteTeamCountry "ISR"]
[BlackTeamCountry "RUS"]

1. e4 c5 2. Nc3 Nc6 3. f4 e6 4. Nf3 Nge7 5. Bb5 a6 6. Bxc6 Nxc6 7. 0-0 Be7 8. d3 d5 9. Qe1 0-0 10. Qf2 b5 11. Ne2 c4 12. Ned4 Nxd4 13. Nxd4 cxd3 14. Nc6 Bh4 15. Nxd8 Bxf2+ 16. Rxf2 Rxd8 17. cxd3 dxe4 18. dxe4 Bb7 19. e5 Rd1+ 20. Rf1 Rxf1+ 21. Kxf1 Rc8 22. Be3 Rc2 23. Rd1 Bxg2+ 24. Ke1 Bd5 25. Rc1 Rxc1+ 26. Bxc1 Bxa2 27. Bd2 Bb3 28. Ba5 h6 29. Bd2 Kh7 30. Kf2 Kg6 31. Kg3 Kf5 32. Bc3 Ke4 33. Kg4 Kd3 34. h4 Bd1+ 35. Kg3 Kc4 36. f5 b4 37. Bd2 0-1

[Event "EU-Cup (Women) 19th"]
[Site "Bilbao"]
[Date "2014.09.17"]
[Round "4.2"]
[White "Skripchenko, Almira"]
[Black "Haitovich, Avital"]
[Result "1-0"]
[WhiteElo "2430"]
[BlackElo "1891"]
[PlyCount "97"]
[EventDate "2014.09.14"]
[EventType "team-swiss"]
[EventRounds "7"]
[EventCountry "ESP"]
[SourceTitle "CBM 162 Extra"]
[Source "ChessBase"]
[SourceDate "2014.10.17"]
[SourceVersion "1"]
[SourceVersionDate "2014.10.17"]
[SourceQuality "1"]
[WhiteTeam "Monte Carlo (W)"]
[BlackTeam "Herzliya (W)"]
[WhiteTeamCountry "MNC"]
[BlackTeamCountry "ISR"]

1. Nf3 d5 2. g3 Nf6 3. Bg2 g6 4. d4 Bg7 5. 0-0 0-0 6. Bf4 Nh5 7. Be3 c6 8. Qc1 Re8 9. Bh6 Bh8 10. h3 Nd7 11. c4 dxc4 12. Qxc4 Nb6 13. Qc2 Ng7 14. Rd1 Nf5 15. Bc1 Nd6 16. Nc3 Bd7 17. e4 Rc8 18. Bf4 Ndc4 19. b3 e5 20. Bg5 f6 21. Bc1 exd4 22. Nxd4 Ne5 23. f4 Nf7 24. Ba3 Qc7 25. Rac1 Qb8 26. Qf2 Bg7 27. Nc2 Rcd8 28. Ne3 Kh8 29. Bb2 Kg8 30. Re1 Nc8 31. Re2 Ncd6 32. Rce1 Qc8 33. Kh2 Qb8 34. Nc2 b6 35. Nb4 a5 36. Nd3 Nc8 37. Re3 Qc7 38. Qe2 Qb8 39. Nf2 Ncd6 40. Ng4 f5 41. exf5 Nxf5 42. Rxe8+ Rxe8 43. Ne4 Kh8 44. Qd2 Qc7 45. Ngf6 Rd8 46. Qf2 N7d6 47. g4 Nxe4 48. Rxe4 Nd6 49. Re7 1-0

[Event "ISR-ch (Women)"]
[Site "Beersheba"]
[Date "2014.06.25"]
[Round "9"]
[White "Haitovich, Avital"]
[Black "Vardi, Shlomit"]
[Result "1-0"]
[WhiteElo "1870"]
[BlackElo "1974"]
[PlyCount "81"]
[EventDate "2014.06.17"]
[EventType "tourn"]
[EventRounds "9"]
[EventCountry "ISR"]
[SourceTitle "CBM 161 Extra"]
[Source "ChessBase"]
[SourceDate "2014.08.29"]
[SourceVersion "1"]
[SourceVersionDate "2014.08.29"]
[SourceQuality "1"]

1. e4 d6 2. d4 Nf6 3. Nc3 g6 4. Nf3 Bg7 5. h3 c6 6. a4 b6 7. Be3 0-0 8. Be2 Qc7 9. 0-0 Nbd7 10. Qd2 Bb7 11. Nh2 e5 12. f3 a6 13. Rad1 exd4 14. Bxd4 d5 15. exd5 cxd5 16. Ng4 Rae8 17. Rfe1 h5 18. Ne3 Qg3 19. Nexd5 Bxd5 20. Bf2 Qc7 21. Nxd5 Nxd5 22. Qxd5 Nc5 23. a5 Re5 24. Bg3 Rxd5 25. Bxc7 Rxd1 26. Rxd1 b5 27. b3 Ne6 28. Bb6 Rc8 29. c4 Nf4 30. Bf1 bxc4 31. Bxc4 Rc6 32. Rd2 Kf8 33. Bxa6 Bc3 34. Rd8+ Ke7 35. Bb5 Rd6 36. Re8+ Kf6 37. Re4 Ne6 38. Bc4 Rd1+ 39. Kf2 Ra1 40. Bxe6 fxe6 41. Ra4 1-0

[Event "ISR-ch (Women)"]
[Site "Beersheba"]
[Date "2014.06.19"]
[Round "3"]
[White "Haitovich, Avital"]
[Black "Reprun, Nadejda"]
[Result "1-0"]
[WhiteElo "1870"]
[BlackElo "2109"]
[PlyCount "85"]
[EventDate "2014.06.17"]
[EventType "tourn"]
[EventRounds "9"]
[EventCountry "ISR"]
[SourceTitle "CBM 161 Extra"]
[Source "ChessBase"]
[SourceDate "2014.08.29"]
[SourceVersion "1"]
[SourceVersionDate "2014.08.29"]
[SourceQuality "1"]

1. e4 c6 2. d4 d5 3. exd5 cxd5 4. Bd3 Nc6 5. c3 Nf6 6. Bf4 Bg4 7. Qb3 Qc8 8. Nd2 e6 9. Ngf3 Be7 10. 0-0 Bh5 11. Ne5 Bg6 12. Nxg6 hxg6 13. Nf3 0-0 14. Ne5 Nd7 15. Rae1 Ncxe5 16. Bxe5 Nxe5 17. dxe5 b5 18. Re3 Rb8 19. a3 Qc5 20. Rfe1 Rfd8 21. Rf3 Bg5 22. Rg3 Bh4 23. Rf3 Qe7 24. Rf4 Bg5 25. Rb4 Qc5 26. h4 a5 27. Rd4 Be7 28. Qd1 b4 29. axb4 axb4 30. h5 bxc3 31. bxc3 Qxc3 32. Rg4 Rb4 33. Rg3 Bh4 34. Rh3 Qd4 35. g3 Bg5 36. hxg6 fxg6 37. Bxg6 Qxd1 38. Rxd1 Rc8 39. f4 Bh6 40. Ra1 Rb3 41. Ra7 Rf8 42. Re7 Rxf4 43. gxf4 1-0

[Event "EU-ch U18 Girls"]
[Site "Prague"]
[Date "2012.08.23"]
[Round "7"]
[White "Urbonaviciute, Zivile"]
[Black "Haitovich, Avital"]
[Result "0-1"]
[WhiteElo "1763"]
[BlackElo "1874"]
[PlyCount "52"]
[EventDate "2012.08.17"]
[EventType "swiss"]
[EventRounds "9"]
[EventCountry "CZE"]
[SourceTitle "CBM 150 Extra"]
[Source "ChessBase"]
[SourceDate "2012.10.19"]
[SourceVersion "1"]
[SourceVersionDate "2012.10.19"]
[SourceQuality "1"]

1. e4 c5 2. Nf3 Nc6 3. d4 cxd4 4. Nxd4 g6 5. Nc3 Bg7 6. Be3 Nf6 7. f3 0-0 8. Qd2 d6 9. Bc4 Bd7 10. 0-0-0 Rb8 11. g4 b5 12. Be2 Ne5 13. b3 Qa5 14. Kb2 Rfc8 15. g5 b4 16. Nb1 Ne8 17. h4 Rc5 18. h5 Rbc8 19. Rc1 Nc7 20. hxg6 hxg6 21. Rhg1 Nxf3 22. Bxf3 Nb5 23. Be2 Nc3 24. a4 Bxa4 25. Bc4 Rxc4 26. bxc4 Bb3 0-1

[Event "EU-ch U18 Girls"]
[Site "Albena"]
[Date "2011.09.19"]
[Round "8"]
[White "Haitovich, Avital"]
[Black "Tuzi, Bruna"]
[Result "1-0"]
[WhiteElo "1903"]
[BlackElo "1519"]
[PlyCount "45"]
[EventDate "2011.09.11"]
[EventType "swiss"]
[EventRounds "9"]
[EventCountry "BUL"]
[SourceTitle "CBM 144 Extra"]
[Source "ChessBase"]
[SourceDate "2011.10.28"]
[SourceVersion "1"]
[SourceVersionDate "2011.10.28"]
[SourceQuality "1"]

1. e4 c5 2. Nc3 Nc6 3. Bb5 Nd4 4. Bc4 g6 5. Nge2 Bg7 6. 0-0 e6 7. d3 Ne7 8. Re1 Nec6 9. a3 0-0 10. Ng3 d6 11. f4 Qc7 12. f5 a6 13. Rf1 b5 14. Ba2 b4 15. f6 Bh8 16. Nce2 Nb5 17. a4 Nba7 18. Bh6 Re8 19. Nh5 Bb7 20. Ng7 Bxg7 21. Bxg7 Ne7 22. Qd2 Qc6 23. Rf4 1-0

[Event "EU-ch U18 Girls"]
[Site "Albena"]
[Date "2011.09.15"]
[Round "5"]
[White "Otikova, Elina"]
[Black "Haitovich, Avital"]
[Result "1-0"]
[WhiteElo "1857"]
[BlackElo "1903"]
[PlyCount "143"]
[EventDate "2011.09.11"]
[EventType "swiss"]
[EventRounds "9"]
[EventCountry "BUL"]
[SourceTitle "CBM 144 Extra"]
[Source "ChessBase"]
[SourceDate "2011.10.28"]
[SourceVersion "1"]
[SourceVersionDate "2011.10.28"]
[SourceQuality "1"]

1. e4 c5 2. Nf3 d6 3. d4 cxd4 4. Nxd4 Nf6 5. Nc3 g6 6. Be3 Bg7 7. f3 0-0 8. Bc4 Nc6 9. Qd2 Bd7 10. Bb3 Qa5 11. 0-0-0 Rfc8 12. Kb1 Ne5 13. h4 Nc4 14. Bxc4 Rxc4 15. Nb3 Qc7 16. Bd4 Be6 17. h5 a5 18. a4 Rb4 19. hxg6 hxg6 20. Nd5 Bxd5 21. exd5 Rxa4 22. Rh3 Rc4 23. Rdh1 a4 24. Na1 a3 25. bxa3 Rxa3 26. Bb2 Ra6 27. Nb3 Qd7 28. Qe2 Rc7 29. Rh4 Ra4 30. g4 Rac4 31. Qh2 Nh5 32. Bxg7 Rxc2 33. Qxc2 Rxc2 34. Kxc2 Kxg7 35. gxh5 Qf5+ 36. Kb2 Qxd5 37. hxg6 fxg6 38. Rh7+ Kf6 39. Re1 e5 40. Rhh1 Qc6 41. Rc1 Qb6 42. Rhd1 Ke6 43. Rd2 Ke7 44. Rcd1 Ke6 45. Rd3 g5 46. Kc2 Qf2+ 47. R1d2 Qb6 48. Re2 Kf5 49. Nd2 Qc6+ 50. Kd1 Qa4+ 51. Ke1 Qc2 52. Rb3 Qc1+ 53. Kf2 Qh1 54. Ne4 Kf4 55. Nxd6 Qh4+ 56. Kg1 Qg3+ 57. Kf1 Qh3+ 58. Ke1 Qh1+ 59. Kd2 Qg1 60. Nc4 Qd4+ 61. Rd3 Qxc4 62. Re4+ Qxe4 63. fxe4 Kxe4 64. Rb3 g4 65. Ke2 Kf4 66. Kf2 b5 67. Rxb5 g3+ 68. Kg2 e4 69. Rb4 Ke3 70. Kxg3 Kd3 71. Kf2 e3+ 72. Ke1 1-0